000 01283cam a2200373 a 4500
001 13579929
003 OSt
005 20140310181950.0
008 040503s1967 nyua c 000 1 eng
010 _a 2004271586
020 _a0440422256
040 _aDLC
_cDLC
_dDLC
050 0 0 _aPZ 7
_b.Sn675 1967
082 0 0 _aKF
_bSn9e 1967
100 1 _aSnyder, Zilpha Keatley.
_94271
245 1 4 _aThe Egypt game /
_cZilpha Keatley Snyder.
260 _aNew York :
_bDell Yearling,
_cc1967.
_g(1986 printing)
300 _a215 p. :
_bill. ;
_c20 cm.
440 0 _aYearling Newbery
_94272
541 _j1
541 _j2
562 _e2
650 1 _aGames
_vFiction.
_94273
650 1 _aSupernatural
_vFiction.
_94274
650 1 _aMurder
_vFiction.
_94275
650 1 _aMystery and detective stories.
_93790
651 1 _aEgypt
_xCivilization
_yTo 332 B.C.
_vFiction.
_94276
700 1 _aRaible, Alton,
_d1918-
_eill.
_94277
856 4 1 _3Sample text
_uhttp://www.loc.gov/catdir/samples/random051/2004271586.html
856 4 2 _3Publisher description
_uhttp://www.loc.gov/catdir/description/random052/2004271586.html
906 _a7
_bcbc
_corigcop
_d2
_encip
_f20
_gy-gencatlg
942 _2lcc
_cBK-KF
_kKF
999 _c7854
_d7854